| 000 | 00535nam a2200205Ia 4500 | ||
|---|---|---|---|
| 003 | OSt | ||
| 005 | 20230531134439.0 | ||
| 008 | 210423s2008 xx 000 0 und d | ||
| 040 | _cAL | ||
| 041 | _aeng | ||
| 082 |
_a361.1 _223 _bPPPM |
||
| 245 | _aMainstream: annual 2008 | ||
| 260 |
_aNew Delhi _bPerspective Publication Pvt Ltd _c2008 |
||
| 300 |
_a116 _bPB |
||
| 365 | _cINR | ||
| 650 |
_aSocial Problems _9117930 |
||
| 650 |
_aSocial Problems & Services _9117931 |
||
| 906 | _a2008 ; annual ; Mainstream: | ||
| 942 |
_2ddc _cBK |
||
| 999 |
_c175564 _d175564 |
||